| 000 | 01040nas a2200349 4500 | ||
|---|---|---|---|
| 001 | BR0401137 | ||
| 003 | BR-BrBNA | ||
| 005 | 20231205104350.0 | ||
| 007 | ta | ||
| 008 | 230509b bl.|||p| |||| 00| 00por d | ||
| 040 |
_aBR-BrBNA _bpor _cBiblioteca Nacional de Agricultura |
||
| 041 | _a(Pt) | ||
| 072 | _aF60; F30 | ||
| 100 | 1 | _aArriel, N.H.C. | |
| 100 | 1 | _aUnêda-Trevisoli, S.H. | |
| 100 | 1 | _aCapeloto, A. | |
| 100 | 1 | _aDi Mauro, S.M.Z. | |
| 100 | 1 | _aDi Mauro, A.O. | |
| 245 | 1 | _aAnálise comparativa de quatro protocolos de extração de DNA genômico, em gergelim | |
| 650 | _aGERGELIM | ||
| 650 | _aANÁLISE COMPARATIVA | ||
| 650 | _aÁCIDO NUCLÉICO | ||
| 650 | _aDNA | ||
| 650 | _aMÉTODO | ||
| 650 | _aELETROFORESE | ||
| 650 | _aPUREZA | ||
| 650 | _aREAÇÃO QUÍMICA | ||
| 650 | _aBIOLOGIA MOLECULAR | ||
| 773 | 0 |
_tRevista Brasileira de Oleaginosas e Fibrosas (Brazil) _xISSN 1415-6784 _g(May-Aug 2002), v. 6(2) p. 525-535 _wBR0401137 |
|
| 909 |
_a202311 _bLúcia _c55 _dLúcia Elande |
||
| 942 |
_2AGRIS _n0 _cANA |
||
| 999 |
_c177773 _d177773 |
||